000 00665nam a2200241Ii 4500
003 JO-AjNU
005 20240625133622.0
008 230605s9999||||xx |||||||||||||| ||und||
017 _a1975/5463
040 _aJO-AjNU
_bara
_erda
_cJO-AjNU
041 _aara
050 1 4 _aHD37.A7.Z3442.1978
100 3 _aهاشم،زكي محمود,
_eauthor
_98656
245 0 0 _aالادارة العلمية
250 _aط2
264 3 1 _aالكويت:وكالة المطبوعات،1979
300 _a384ص
336 _atext
_btxt
_2rdacontent
337 _aunmediated
_bn
_2rdamedia
338 _avolume
_bnc
_2rdacarrier
650 7 _aادارة
_98657
942 _2lcc
_cBK
999 _c4468
_d4468